000 00700nam a2200181Ia 4500
008 100921s9999 xx 000 0 und d
082 _b25236
_a796.358 थ 92
100 _aवाळिंबे वि.स.अनु.
245 _aद वर्ल्ड ऑफ कपिल देव.
260 _bमेहता प्रकाशन, पुणे.
_c1992
300 _a106
_bरसिक साहित्य,पुणे
365 _b40
520 _aकला-क्रीकेट.
630 _aद वर्ल्ड ऑफ कपिल देव.
650 _aकला-क्रीकेट.
730 _aद वर्ल्ड ऑफ कपिल देव.
942 _cBOOK
999 _c774349
_d774346